Normal view MARC view

Entry Personal Name

Number of records used in: 1

001 - CONTROL NUMBER

  • control field: 164917

003 - CONTROL NUMBER IDENTIFIER

  • control field: OSt

005 - DATE AND TIME OF LATEST TRANSACTION

  • control field: 20220923220957.0

008 - FIXED-LENGTH DATA ELEMENTS

  • fixed length control field: 220923|| aca||aabn | a|a d

040 ## - CATALOGING SOURCE

  • Original cataloging agency: OSt
  • Transcribing agency: OSt

100 ## - HEADING--PERSONAL NAME

  • Personal name: अबुल फज्ल; मालवीय, लक्ष्मीकान्त, संपा

670 ## - SOURCE DATA FOUND

  • Source citation: Work cat.: (OSt)345662: अबुल फज्ल; मालवीय, लक्ष्मीकान्त, संपा., आईने अकबरी, अनु हरिवंश राय शर्मा और फिदा हुसैन खां, 1966
Copyright @ Delhi University Library System